000
00259nam a22001097a 4500
008
170126b xxu||||| |||| 00| 0 eng d
020
_a
9781605475349
041
_a
eng
080
_a
61
245
_a
LEARNING TO CODE WITH ICD-9-CM
_c
FALEN, TH.J
942
_2
udc
_c
BK
999
_c
3714
_d
3714